Regionální politika Evropské unie a Číny

Náčrt hlavných trendov v oblasti regionálnej politiky Európskej únie a Číny. Analýza základných princípov regionálnych politík, ich finančné a inštitucionálne rámce a priority oblastnej podpory. Dialóg o regionálnej politike medzi EÚ a Čínou.

Enregistré dans:
Détails bibliographiques
Auteur principal: De Castro, Tereza
Autres auteurs: Formanová, Věra
Format: Chapitre de livre
Langue:tchèque
Sujets:
Tags: Ajouter un tag
Pas de tags, Soyez le premier à ajouter un tag!

MARC

LEADER 00000naa a2200000 4500
001 0191159
005 20220408101246.2
041 0 |a cze 
044 |a CZ 
245 1 0 |a Regionální politika Evropské unie a Číny  |c Tereza De Castro, Věra Formanová 
520 |a Náčrt hlavných trendov v oblasti regionálnej politiky Európskej únie a Číny. Analýza základných princípov regionálnych politík, ich finančné a inštitucionálne rámce a priority oblastnej podpory. Dialóg o regionálnej politike medzi EÚ a Čínou. 
610 2 0 |a Európska únia 
610 2 0 |a Čína 
610 2 0 |a situácia hospodárska 
610 2 0 |a politika sociálna 
610 2 0 |a politika regionálna 
610 2 0 |a spolupráca hospodárska medzinárodná 
100 1 |a De Castro, Tereza 
700 1 |a Formanová, Věra